| 000 | 02009nam2a2200397 4500 | ||
|---|---|---|---|
| 001 | rc\2987329 | ||
| 005 | 20260406085743.0 | ||
| 035 | _a(NLR Aleph) 007131698 | ||
| 090 |
_a13612685 _c13612685 |
||
| 100 | _a20110913d1937 u y0rusy50 ca | ||
| 101 | 0 | _arus | |
| 102 | _aRU | ||
| 105 | _aa z ||||| | ||
| 200 | 0 |
_a2 _fРед. II тома Р.Ю. Рожевиц и Б.К. Шишкин _gСост.: Е.Г. Бобров, А.И. Введенский, Н.Ф. Гончаров, В.Л. Комаров, В.И. Кречетович, А.Н. Криштофович, Е.М. Лавренко, И.В. Ларин, С.А. Невский, В.Л. Некрасова, П.Н. Овчинников, Р.Ю. Рожевиц, В.Б. Сочава и Б.К. Шишкин |
|
| 210 | _d1937 | ||
| 215 |
_aXXXIV, 778 с. _cил. |
||
| 461 | 0 |
_1001rc\2987328 _12000#$aФлора СССР$fПод ред. акад. В.Л. Комарова$gБотанич. ин-т Акад. наук СССР$v2 _96966105 _cЛенинград _d1937 _fПод ред. акад. В.Л. Комарова _nизд-во и тип. изд-ва Акад. наук СССР _tФлора СССР _v2 |
|
| 702 | 1 |
_aРожевиц _bР.Ю. _4340 |
|
| 702 | 1 |
_aШишкин _bБ.К. _4340 |
|
| 702 | 1 |
_aБобров _bЕ.Г. _4220 |
|
| 702 | 1 |
_aВведенский _bА.И. _4220 |
|
| 702 | 1 |
_aГончаров _bН.Ф. _4220 |
|
| 702 | 1 |
_aКомаров _bВ.Л. _4220 |
|
| 702 | 1 |
_aКречетович _bВ.И. _4220 |
|
| 702 | 1 |
_aКриштофович _bА.Н. _4220 |
|
| 702 | 1 |
_aЛавренко _bЕ.М. _4220 |
|
| 702 | 1 |
_aЛарин _bИ.В. _4220 |
|
| 702 | 1 |
_aНевский _bС.А. _4220 |
|
| 702 | 1 |
_4220 _7ca _8rus _aНекрасова _bВ. Л. _cканд. биол. наук _f1884-1969 _gВера Леонтьевна _3RU\NLR\AUTH\770280333 _92652300 |
|
| 702 | 1 |
_aОвчинников _bП.Н. _4220 |
|
| 702 | 1 |
_aСочава _bВ.Б. _4220 |
|
| 801 | 0 |
_aRU _bNLR _gpsbo |
|
| 801 | 1 |
_aRU _bELAR _2rusmarc |
|
| 852 |
_aNLR _j37-19/215(2) |
||
| 942 | _cUNSPEC | ||
| 980 | _aNB | ||